<?xml version="1.0" encoding="UTF-8"?><record xmlns="http://www.loc.gov/MARC21/slim" xmlns:zs="http://docs.oasis-open.org/ns/search-ws/sruResponse">
  <leader>02633cec a2200493 i 4500</leader>
  <controlfield tag="001">21947868</controlfield>
  <controlfield tag="005">20250607104909.3</controlfield>
  <controlfield tag="007">aj  canzn</controlfield>
  <controlfield tag="007">cr |||||||||||</controlfield>
  <controlfield tag="008">210317m16851970vp        b     |   eng  </controlfield>
  <datafield ind1=" " ind2=" " tag="906">
    <subfield code="a">7</subfield>
    <subfield code="b">cbc</subfield>
    <subfield code="c">orignew</subfield>
    <subfield code="d">u</subfield>
    <subfield code="e">ncip</subfield>
    <subfield code="f">20</subfield>
    <subfield code="g">y-geogmaps</subfield>
  </datafield>
  <datafield ind1=" " ind2=" " tag="955">
    <subfield code="i">ga10 2021-03-17;</subfield>
    <subfield code="r">ga10 2022-08-12</subfield>
  </datafield>
  <datafield ind1=" " ind2=" " tag="010">
    <subfield code="a">  2021589677</subfield>
  </datafield>
  <datafield ind1="0" ind2=" " tag="034">
    <subfield code="a">a</subfield>
  </datafield>
  <datafield ind1=" " ind2=" " tag="035">
    <subfield code="a">21947868</subfield>
  </datafield>
  <datafield ind1=" " ind2=" " tag="040">
    <subfield code="a">DLC</subfield>
    <subfield code="b">eng</subfield>
    <subfield code="c">DLC</subfield>
    <subfield code="e">rda</subfield>
    <subfield code="d">DLC</subfield>
  </datafield>
  <datafield ind1="0" ind2="0" tag="050">
    <subfield code="a">G3763 coll</subfield>
    <subfield code="b">.M3 drawer 30</subfield>
  </datafield>
  <datafield ind1=" " ind2=" " tag="052">
    <subfield code="a">3763</subfield>
    <subfield code="b">B3</subfield>
    <subfield code="b">B4</subfield>
  </datafield>
  <datafield ind1="0" ind2="0" tag="245">
    <subfield code="a">[Maps of Massachusetts--counties A-Ber].</subfield>
  </datafield>
  <datafield ind1="3" ind2="0" tag="246">
    <subfield code="i">Alternate supplied title:</subfield>
    <subfield code="a">Massachusetts title collection--drawer 30</subfield>
  </datafield>
  <datafield ind1="3" ind2="0" tag="246">
    <subfield code="i">Alternate supplied title:</subfield>
    <subfield code="a">Massachusetts title collection--counties A-Ber</subfield>
  </datafield>
  <datafield ind1=" " ind2=" " tag="255">
    <subfield code="a">Scales differ.</subfield>
  </datafield>
  <datafield ind1=" " ind2="1" tag="264">
    <subfield code="a">[Various places] :</subfield>
    <subfield code="b">[various publishers],</subfield>
    <subfield code="c">[approximately 1685 to 1970]</subfield>
  </datafield>
  <datafield ind1=" " ind2=" " tag="300">
    <subfield code="a">1 drawer of maps :</subfield>
    <subfield code="b">some color, some photocopies ;</subfield>
    <subfield code="c">various sizes</subfield>
  </datafield>
  <datafield ind1=" " ind2=" " tag="336">
    <subfield code="a">cartographic image</subfield>
    <subfield code="b">cri</subfield>
    <subfield code="2">rdacontent</subfield>
  </datafield>
  <datafield ind1=" " ind2=" " tag="337">
    <subfield code="a">unmediated</subfield>
    <subfield code="b">n</subfield>
    <subfield code="2">rdamedia</subfield>
  </datafield>
  <datafield ind1=" " ind2=" " tag="338">
    <subfield code="a">sheet</subfield>
    <subfield code="b">nb</subfield>
    <subfield code="2">rdacarrier</subfield>
  </datafield>
  <datafield ind1=" " ind2=" " tag="500">
    <subfield code="a">This record covers single maps covering counties of Massachusetts, which are not represented in the LC database by separate catalog records. This collection includes single printed maps and photocopies of printed or manuscript single maps as well as some multi-sheet single maps, plates from atlases, books or periodicals, and printed facsimiles. These maps show one to three counties, and may also show various subjects, such as roads, topography, geology, hydrology, and recreation and tourism. To request a specific map or for more information, contact a reference librarian in the Geography &amp; Map Division (202) 707-6277 or through the "Ask a librarian" link through the Geography &amp; Map Division website https://ask.loc.gov/map-geography/.</subfield>
  </datafield>
  <datafield ind1=" " ind2=" " tag="500">
    <subfield code="a">Title supplied by cataloger.</subfield>
  </datafield>
  <datafield ind1=" " ind2=" " tag="500">
    <subfield code="a">Most maps in this collection before 1800 are photocopies or facsimiles.</subfield>
  </datafield>
  <datafield ind1=" " ind2="0" tag="650">
    <subfield code="a">Counties</subfield>
    <subfield code="z">Massachusetts</subfield>
    <subfield code="v">Maps.</subfield>
  </datafield>
  <datafield ind1=" " ind2="0" tag="650">
    <subfield code="a">Roads</subfield>
    <subfield code="z">Massachusetts</subfield>
    <subfield code="v">Maps.</subfield>
  </datafield>
  <datafield ind1=" " ind2="0" tag="651">
    <subfield code="a">Barnstable County (Mass.)</subfield>
    <subfield code="v">Maps.</subfield>
  </datafield>
  <datafield ind1=" " ind2="0" tag="651">
    <subfield code="a">Berkshire County (Mass.)</subfield>
    <subfield code="v">Maps.</subfield>
  </datafield>
  <datafield ind1=" " ind2="7" tag="655">
    <subfield code="a">Maps.</subfield>
    <subfield code="2">lcgft</subfield>
  </datafield>
  <datafield ind1=" " ind2="7" tag="655">
    <subfield code="a">Tourist maps.</subfield>
    <subfield code="2">lcgft</subfield>
  </datafield>
  <datafield ind1=" " ind2="7" tag="655">
    <subfield code="a">Topographic maps.</subfield>
    <subfield code="2">lcgft</subfield>
  </datafield>
  <datafield ind1=" " ind2="7" tag="655">
    <subfield code="a">Road maps.</subfield>
    <subfield code="2">lcgft</subfield>
  </datafield>
  <datafield ind1=" " ind2=" " tag="662">
    <subfield code="a">United States</subfield>
    <subfield code="b">Massachusetts.</subfield>
    <subfield code="2">naf</subfield>
  </datafield>
  <datafield ind1=" " ind2=" " tag="852">
    <subfield code="a">Library of Congress</subfield>
    <subfield code="b">Geography and Map Division</subfield>
    <subfield code="e">Washington, D.C. 20540-4650 USA</subfield>
    <subfield code="n">dcu</subfield>
  </datafield>
  <datafield ind1="4" ind2="1" tag="856">
    <subfield code="3">Massachusetts, Drawer 30 map folder covers</subfield>
    <subfield code="d">gmdtitlecolfold</subfield>
    <subfield code="f">ma-030</subfield>
    <subfield code="u">https://hdl.loc.gov/loc.gmd/gmdtitlecolfold.ma-030</subfield>
  </datafield>
  <datafield ind1=" " ind2=" " tag="985">
    <subfield code="a">GMD/CT</subfield>
  </datafield>
  <datafield ind1=" " ind2=" " tag="985">
    <subfield code="a">GMD/TITLEMAP</subfield>
  </datafield>
  <datafield ind1=" " ind2=" " tag="985">
    <subfield code="a">GMD/MULTIMAP</subfield>
    <subfield code="h">20240511</subfield>
  </datafield>
</record>
